Sports Quiz

Random Sports or NBA Quiz

NBA Celebrations Emoji Quiz Stats

 Plays Quiz not verified by Sporcle

Score 0/25 Timer 07:00
1 Play Today
% Correct
D'Angelo Russell
76.7%
Dikembe Mutombo
75.2%
James Harden
70.9%
Kobe Bryant
60.9%
Wilt Chamberlain
55.8%
Jason Terry
51.1%
Carmelo Anthony
47.1%
Reggie Miller
36.3%
Nick Young
35.5%
Michael Jordan
35.4%
J.R. Smith
35.3%
Shaquille O'Neal
33.9%
Chris Andersen
31.7%
% Correct
Dwyane Wade
29.9%
Vince Carter
29.5%
Caron Butler
29.2%
Stephen Curry
27.1%
Michael Jordan
26%
Russell Westbrook
24.5%
Glen Davis
18.6%
Kemba Walker
18.6%
Ron Artest
16.2%
Steve Novak
15.4%
Larry Johnson
12.2%
DeShawn Stevenson
7.8%

You're not logged in!

Compare scores with friends on all Sporcle quizzes.
OR
Log In

Sporcle TV

Today on Sporcle TV


Watch our educational content, quiz creation guides, and fun videos on Sporcle TV.

Show Comments

Extras

Top Quizzes Today


Score Distribution

Your Account Isn't Verified!

In order to create a playlist on Sporcle, you need to verify the email address you used during registration. Go to your Sporcle Settings to finish the process.

Report this User

Report this user for behavior that violates our Community Guidelines.

Details: